| 000 | nam a22 a 4500 | ||
|---|---|---|---|
| 999 |
_c148794 _d148794 |
||
| 003 | BLK | ||
| 005 | 20230201171522.0 | ||
| 008 | 180410b bul|||||r ||||||| ||bul|| | ||
| 010 | _aKNG00155022000 | ||
| 040 | _aBLK | ||
| 041 |
_aBUL _cBUL |
||
| 080 |
_aЧешка литература _b821.162.3 _x-93-34 _z821.162.3-93-34 |
||
| 100 | 1 |
_aЧапек, Карел _eпърви автор _9370071 |
|
| 139 |
_aЧапек, Карел _bЧ 29 |
||
| 245 | 1 | 0 |
_aДашенка или Животът на едно кученце _bПриказка : За деца _cКарел Чапек; прев. от чеш. Невена Захариева. |
| 257 | _aCHE | ||
| 260 |
_aСофия _bОтечество _c1986 _fВ. Търново : Д. Найденов |
||
| 300 |
_a64 с. _bс ил. _c24 см |
||
| 380 | _aDX | ||
| 500 | _aОриг. загл. Dasenka / Karel Capek. - 45 115 тир. | ||
| 700 | 1 |
_aЗахариева, Невена _eпрев. от чеш. _gДимитрова, Невена Захариева _9372671 |
|
| 852 | _aЦб 265789 | ||
| 856 | 4 |
_qpdf _i0.00 _ldisable |
|
| 856 | 4 |
_qpdf _i0.00 _ldisable |
|
| 942 |
_cKNG _n0 _s1 |
||
| 944 |
_aCR _c27.12.2013 _l27.12.2013 - от С1,Р / 27.12.2013 _kМитко_Георгиев |
||
| 944 |
_aED _c27.12.2013 _l27.12.2013 - от С1,Р / 27.12.2013 |
||
| 999 | _d148794 | ||